In The Heights - In The Heights Lyrics (Part 2) Quiz Stats

 Plays Quiz not verified by Sporcle

Challenge
Share
Tweet
Embed
Score 0/289 Timer 10:00
0 Plays Today
Lyric % Correct
we
97.6%
In
97.6%
the
97.6%
heights,
97.6%
and
97.6%
and
97.6%
and
97.6%
In
97.6%
the
97.6%
heights
97.6%
a
97.6%
the
97.6%
the
97.6%
in
97.6%
the
97.6%
Usnavi!
97.6%
on
97.6%
it!
97.6%
A
97.6%
in
97.6%
Usnavi,
97.6%
in
97.6%
the
97.6%
and
97.6%
It
97.6%
the
97.6%
in
97.6%
a
97.6%
and
97.6%
in
97.6%
the
97.6%
in
97.6%
the
97.6%
and
97.6%
the
97.6%
Usnavi!
97.6%
and
97.6%
and
97.6%
and
97.6%
a
97.6%
and
97.6%
a
97.6%
a
97.6%
the
97.6%
a
97.6%
a
97.6%
and
97.6%
The
97.6%
my
96.3%
my
96.3%
One
96.3%
one
96.3%
my
96.3%
my
96.3%
my
96.3%
my
96.3%
It's
95.1%
just
95.1%
There
95.1%
to
95.1%
In
95.1%
to
95.1%
Nina
95.1%
me,
95.1%
to
95.1%
of
95.1%
It's
95.1%
there
95.1%
me
95.1%
me!
95.1%
Me
95.1%
just
95.1%
it's
95.1%
just
95.1%
of
95.1%
got
95.1%
got
95.1%
to
95.1%
with
93.9%
like
93.9%
at
93.9%
ticket,
93.9%
dream!
93.9%
at
93.9%
at
93.9%
for
93.9%
like
93.9%
that
93.9%
with
93.9%
with
93.9%
cousin
93.9%
Like
93.9%
for
93.9%
ticket
93.9%
dream
93.9%
mad
92.7%
cafe.
92.7%
Lyric % Correct
cafe.
92.7%
bat
92.7%
They
92.7%
run
92.7%
they
92.7%
mad
92.7%
they
92.7%
they
92.7%
mad
92.7%
cafe
92.7%
lottery.
92.7%
that's
92.7%
been
92.7%
come
92.7%
So
92.7%
you
92.7%
from
92.7%
you
92.7%
bat
92.7%
from
92.7%
from
92.7%
you
92.7%
you
92.7%
come
92.7%
lottery
92.7%
They
92.7%
live
91.5%
enough.
91.5%
I
91.5%
I
91.5%
I
91.5%
Cause
91.5%
Next
91.5%
up
91.5%
cab
91.5%
company,
91.5%
college
91.5%
cheap!
91.5%
man's
91.5%
all
91.5%
cause
91.5%
this
91.5%
all
91.5%
cheap
91.5%
no!
91.5%
No
91.5%
I
91.5%
but
90.2%
daughter
90.2%
get
90.2%
gotta
90.2%
Don't
90.2%
mind
90.2%
he's
90.2%
last
90.2%
night!
90.2%
Don't
90.2%
look
90.2%
one's
90.2%
cooking
90.2%
week!
90.2%
over
90.2%
dinner,
90.2%
there's
90.2%
eat!
90.2%
she
90.2%
smells
90.2%
smells
90.2%
She
90.2%
He's
90.2%
another
90.2%
hot!
90.2%
man
90.2%
can't
89%
their
89%
can't
89%
Good
89%
morning
89%
dollars
89%
him,
89%
excited
89%
flew
89%
room
89%
perfume!
89%
hang
89%
too
89%
Everybody's
89%
everybody's
89%
gotten
87.8%
See,
87.8%
everything
87.8%
is
87.8%
twenty
87.8%
todays
87.8%
plenty
87.8%
store!
87.8%
diga!
87.8%
Lyric % Correct
Sonny,
87.8%
pop
87.8%
gotten
87.8%
pay.
86.6%
serve
86.6%
Put
86.6%
sex
86.6%
those
86.6%
bed
86.6%
you're
86.6%
god
86.6%
people
86.6%
job,
86.6%
people
86.6%
day.
85.4%
sleep,
85.4%
con
85.4%
leche!
85.4%
walks
85.4%
Who's
85.4%
Jose
85.4%
mom
85.4%
oh
85.4%
part
85.4%
are
84.1%
bills
84.1%
without
84.1%
Rosarios
84.1%
off
84.1%
steep,
84.1%
Julio?
84.1%
door!
84.1%
salon.
84.1%
Thanks
84.1%
love
84.1%
routine.
84.1%
expensive,
82.9%
rear
82.9%
screams
82.9%
Grabs
82.9%
liquor
82.9%
Carla
82.9%
late.
82.9%
know
82.9%
stop
82.9%
start
81.7%
survive
81.7%
Nina's
81.7%
3am
81.7%
trees
81.7%
view!
81.7%
away!
80.5%
barrio.
80.5%
kicks
80.5%
darn
80.5%
Porter
80.5%
coffee
80.5%
million
79.3%
years
79.3%
Washington!
79.3%
lights
78%
then
78%
Cole
78%
fights
76.8%
struggle
76.8%
true!
76.8%
runnin'
76.8%
few
76.8%
endless
74.4%
cold
74.4%
tonight
73.2%
seems
73.2%
tuition's
73.2%
through
73.2%
waters
73.2%
Daniela
72%
says,
72%
debts
70.7%
work
69.5%
caliente
68.3%
Chillax
64.6%
flip
63.4%
dime-a-dozen
63.4%
first
63.4%
as
62.2%
as
62.2%
gossip
54.9%
smirk.
53.7%
Pan
51.2%
hop
50%
sip
48.8%
Yesenia
42.7%
stop-and-shop
42.7%
Ah
37.8%
Uh oh!
30.5%

You're not logged in!

Compare scores with friends on all Sporcle quizzes.
Join for Free
OR
Log In

You Might Also Like...

Show Comments

Extras

Top Quizzes Today


Score Distribution

Your Account Isn't Verified!

In order to create a playlist on Sporcle, you need to verify the email address you used during registration. Go to your Sporcle Settings to finish the process.

Report this User

Report this user for behavior that violates our Community Guidelines.

Details: